00601nam a2200181Ia 4500008004100000082001600041100001800057245003700075250000600112260003300118300001600151500002400167650001200191942000700203952009600210952009600306999001700402230524s9999 xx 000 0 und d a537.32bGUP aNavneet Gupta 0aPhysics of Semiconductor Devices a1 aNew DelhibDhanpat raic2010 a"XI,A.10p;" aQuantity Number: 2 aPhysics cBK 00104070aTATCLbTATCLcGENd2023-05-24l0o537.32 GUPp53850r2023-05-24w2023-05-24yBK 00104070aTATCLbTATCLcGENd2023-05-24l0o537.32 GUPp60065r2023-05-24w2023-05-24yBK c56408d56408